000 00326nam a2200121 a 4500
005 20140414131908.0
008 101006s19uu xx 00 eng d
050 _aER
_bAl5 1987
100 _aArchambault, John
245 _aAllafred the anteater.
260 _aAllen, Texas :
_bDLM Teaching Resources,
_c1987.
999 _c111046
_d111046